Suomen kunnat, joissa on Hesburger - Statistics

General Stats
  • This quiz has been taken 351 times
  • The average score is 43 of 107
Answer Stats
Maakunta Kunta Ravintolat % Correct
Uusimaa Helsinki 25
97%
Pirkanmaa Tampere 14
93%
Pohjois-Pohjanmaa Oulu 10
91%
Varsinais-Suomi Turku 15
91%
Uusimaa Vantaa 8
88%
Uusimaa Espoo 5
86%
Lappi Rovaniemi 3
86%
Satakunta Pori 6
83%
Keski-Suomi Jyväskylä 5
80%
Pohjois-Savo Kuopio 7
78%
Kanta-Häme Hämeenlinna 5
75%
Päijät-Häme Lahti 10
75%
Pohjanmaa Vaasa 6
75%
Pohjois-Karjala Joensuu 5
73%
Kymenlaakso Kouvola 5
69%
Etelä-Karjala Lappeenranta 4
69%
Satakunta Rauma 3
64%
Kymenlaakso Kotka 3
63%
Uusimaa Porvoo 2
61%
Etelä-Pohjanmaa Seinäjoki 3
60%
Kainuu Kajaani 2
59%
Etelä-Savo Mikkeli 3
59%
Keski-Pohjanmaa Kokkola 2
58%
Pohjois-Pohjanmaa Ii 1
57%
Lappi Tornio 2
56%
Varsinais-Suomi Salo 4
55%
Lappi Kemi 1
54%
Pohjois-Pohjanmaa Kuusamo 1
53%
Etelä-Karjala Imatra 2
52%
Etelä-Savo Savonlinna 1
51%
Kanta-Häme Forssa 3
48%
Uusimaa Järvenpää 1
48%
Varsinais-Suomi Naantali 1
48%
Pirkanmaa Nokia 2
48%
Uusimaa Hanko 1
47%
Uusimaa Hyvinkää 2
47%
Uusimaa Kerava 1
46%
Uusimaa Lohja 3
46%
Kanta-Häme Riihimäki 3
44%
Pohjois-Savo Iisalmi 1
40%
Ahvenanmaa Maarianhamina 1
40%
Uusimaa Kirkkonummi 1
39%
Pirkanmaa Lempäälä 1
38%
Päijät-Häme Heinola 2
37%
Varsinais-Suomi Kaarina 2
37%
Varsinais-Suomi Raisio 3
37%
Varsinais-Suomi Uusikaupunki 1
37%
Kymenlaakso Hamina 1
36%
Keski-Suomi Jämsä 1
33%
Pirkanmaa Orivesi 1
33%
Pohjois-Pohjanmaa Kalajoki 1
32%
Uusimaa Tuusula 1
32%
Pohjois-Savo Varkaus 1
32%
Pirkanmaa Ylöjärvi 1
32%
Pirkanmaa Kangasala 1
31%
Pirkanmaa Pirkkala 2
31%
Pohjois-Pohjanmaa Raahe 1
31%
Pohjois-Pohjanmaa Kempele 1
30%
Etelä-Pohjanmaa Lapua 1
30%
Varsinais-Suomi Loimaa 1
30%
Uusimaa Nurmijärvi 3
30%
Uusimaa Mäntsälä 1
29%
Pohjanmaa Pietarsaari 1
29%
Pohjois-Pohjanmaa Ylivieska 1
29%
Uusimaa Loviisa 2
28%
Pirkanmaa Sastamala 2
28%
Keski-Suomi Äänekoski 2
27%
Uusimaa Karkkila 1
27%
Lappi Kolari 1
27%
Pirkanmaa Parkano 1
27%
Kainuu Sotkamo 1
27%
Pirkanmaa Valkeakoski 1
27%
Pirkanmaa Akaa 1
26%
Etelä-Pohjanmaa Alavus 1
25%
Päijät-Häme Hollola 1
25%
Satakunta Kankaanpää 1
25%
Etelä-Pohjanmaa Kauhava 1
24%
Etelä-Savo Pieksämäki 1
24%
Pohjois-Pohjanmaa Pudasjärvi 1
24%
Uusimaa Vihti 1
24%
Satakunta Huittinen 2
23%
Varsinais-Suomi Lieto 1
23%
Varsinais-Suomi Parainen 1
23%
Satakunta Ulvila 1
23%
Etelä-Pohjanmaa Alajärvi 1
22%
Pohjanmaa Kristiinankaupunki 1
22%
Pohjois-Pohjanmaa Liminka 1
22%
Varsinais-Suomi Aura 1
21%
Pirkanmaa Ikaalinen 1
21%
Etelä-Pohjanmaa Ähtäri 1
20%
Etelä-Pohjanmaa Kauhajoki 1
20%
Pohjois-Karjala Kitee 1
20%
Uusimaa Raasepori 1
20%
Etelä-Pohjanmaa Kurikka 1
19%
Varsinais-Suomi Laitila 1
18%
Pirkanmaa Hämeenkyrö 1
17%
Satakunta Harjavalta 1
16%
Pohjois-Pohjanmaa Muhos 1
15%
Satakunta Säkylä 1
15%
Lappi Tervola 1
13%
Keski-Suomi Hankasalmi 1
12%
Päijät-Häme Hartola 1
12%
Päijät-Häme Iitti 1
12%
Pirkamaa Pälkäne 1
11%
Pohjois-Savo Joroinen 1
10%
Pohjois-Karjala Kontiolahti 1
9%
Pohjois-Pohjanmaa Siikalatva 1
7%
No matching quizzes found
Score Distribution
Percent of People with Each Score
Percentile by Number Answered
Your Score History
You have not taken this quiz